000 00624nam a2200229Ia 4500
003 OSt
005 20221007063128.0
006 a|||||r|||| 00| 0
007 ta
008 221006b |||||||| |||| 00| 0 eng d
024 _a16,479
037 _cTextual
040 _aFLL
_cFLL
_beng
041 _2eng
_aeng
082 _aY1:4345:5:Z2, L1
100 _aJoshil K.C. Au.
_9683811
245 0 _aLaw relating to flood control in India
260 _aBombay
_bN.M.Triapthi India
_c1971
300 _a108p
_ccm.
942 _hY1:4345:5:Z2, L1
_cTEXL
_2CC
999 _c1130466
_d1130466